000 00652nam a2200229Ia 4500
003 OSt
005 20251016190039.0
008 210423s2002 xx 000 0 und d
020 _a852272286
040 _cAL
041 _aEnglish
082 _a361.4
_bCOOL
100 _aCary L Cooper
_9115315
245 _aLearning from others in groups
_b: experiential learning approaches
260 _aLondon
_bAssociated press
_c2002
300 _axi,304
_bHB
365 _b450
_cINR
650 _aGroup Work
_9115316
650 _aSocial Problems & Services
_9115317
906 _aapproaches ; groups:experiential ; Learning ; others
942 _2ddc
_cBK
999 _c174381
_d174381